000
00295nam a22001337a 4500
003
SGT
020
_a
9-78384-909215
082
_a
581.2
_b
F18A
100
_a
ALICE, D.
245
_a
FUNDAMENTALS OF PHYTOPATHOLOGY
260
_a
COMBATORE
_b
SRISAKHI
_c
2018
300
_a
382
942
_2
ddc
_c
BK
_0
7
999
_c
17017
_d
17017